[Event "Club Championships Major Open"]
[Site "Wellington Chess Club"]
[Date "2019.10.03"]
[Round "2.3"]
[White "Ackroyd, William"]
[Black "Webster, Jamie"]
[Result "0-1"]
[WhiteElo "1277"]
[BlackElo "1701"]

1. Nf3 Nf6 2. c4 e6 3. g3 d5 4. Bg2 Bd6 5. Nc3 O-O 6. d3 h6 7. e4 dxe4 8. dxe4
Bb4 9. Nd4 c5 10. Ne2 Qxd1+ 11. Kxd1 Nc6 12. h3 e5 13. Kc2 Nd4+ 14. Nxd4 cxd4
15. Nd5 Nxd5 16. cxd5 Bd7 17. Bd2 Rac8+ 18. Kd1 Bxd2 19. Kxd2 f5 20. Rhf1 fxe4
21. h4 Bb5 22. Bxe4 Bxf1 23. Rxf1 Rf6 24. f3 Rb6 25. b3 Rc3 26. Rc1 Rxc1 27.
Kxc1 Kf7 28. Kd2 Ke7 29. Kd3 Kd6 30. f4 exf4 31. gxf4 Kc5 0-1

[Event "Club Championships Major Open"]
[Site "Wellington Chess Club"]
[Date "2019.10.03"]
[Round "2.5"]
[White "Wojnar, Maciej"]
[Black "Stracy, Don"]
[Result "1-0"]
[WhiteElo "2000"]
[BlackElo "1606"]

1. e4 c5 2. Nc3 e6 3. f4 Nc6 4. Bb5 Nd4 5. Bd3 g6 6. Nf3 Bg7 7. O-O Ne7 8. e5
Nec6 9. Ne4 b6 10. Nd6+ Ke7 11. Ng5 1-0

[Event "Club Championships Major Open"]
[Site "Wellington Chess Club"]
[Date "2019.10.03"]
[Round "2.7"]
[White "Van der Hoorn, Thomas"]
[Black "Stannard, Bobby"]
[Result "0-1"]
[WhiteElo "1807"]
[BlackElo "1485"]

1. e4 e6 2. d4 d5 3. Nc3 Bb4 4. e5 c5 5. a3 Bxc3+ 6. bxc3 a6 7. Nf3 Nc6 8. Bg5
Nge7 9. Be2 Qa5 10. Qd2 Nf5 11. Be3 cxd4 12. cxd4 Qxd2+ 13. Kxd2 O-O 14. c4
dxc4 15. Bxc4 Rd8 16. Kc3 b5 17. Bb3 Na5 18. Bc2 Ne7 19. Bg5 Nd5+ 20. Kd3 Rd7
21. Ke2 Bb7 22. Bd3 Rc8 23. Rac1 Nc3+ 24. Ke3 Nb3 25. Rc2 h6 26. Bh4 Nd5+ 27.
Ke2 Nf4+ 28. Ke3 Nxg2+ 29. Ke2 Nf4+ 30. Ke3 Ng2+ 31. Ke2 Rxc2+ 32. Bxc2 Nxd4+
33. Nxd4 Rxd4 34. Bg3 Nf4+ 35. Bxf4 Bxh1 36. Be3 Rh4 37. Kf1 Rxh2 38. Kg1 Rh4
39. f4 Bd5 40. Kf1 Rh3 41. Ke2 Bc4+ 42. Bd3 Bxd3+ 43. Kxd3 g5 44. Ke4 g4 45.
Bc5 h5 46. Be7 h4 47. Bd6 Rb3 48. Be7 h3 49. f5 h2 50. fxe6 fxe6 51. Kf4 h1=Q
52. Kxg4 Rf3 53. Bh4 Qg2+ 54. Kh5 Rh3 55. a4 bxa4 56. Kh6 Rxh4# 0-1

[Event "Club Championships Major Open"]
[Site "Wellington Chess Club"]
[Date "2019.10.03"]
[Round "2.8"]
[White "Wojnar, Jacek"]
[Black "Stannard, Lars"]
[Result "1-0"]
[WhiteElo "1800"]
[BlackElo "1485"]

1. e4 e5 2. d4 exd4 3. Qxd4 Nc6 4. Qe3 Bb4+ 5. Nc3 d6 6. Bd2 Nf6 7. O-O-O O-O
8. f3 Be6 9. Nge2 a5 10. a3 Bc5 11. Qg5 Nd7 12. Qxd8 Rfxd8 13. Nf4 Re8 14. Ncd5
Bxd5 15. Nxd5 Rac8 16. Bb5 a4 17. Bg5 f6 18. Be3 Bxe3+ 19. Nxe3 Nb6 20. Nd5 Kf8
21. Nxb6 cxb6 22. Rxd6 Re7 23. Rhd1 Rec7 24. Bxa4 Ne5 25. Rd8+ Ke7 26. Rxc8
Rxc8 27. f4 Nc6 28. Bxc6 bxc6 29. c4 b5 30. c5 Rb8 31. b4 Ra8 32. Kb2 h6 33. g4
g5 34. f5 Rc8 35. Rd6 Kf7 36. Rd7+ Kg8 37. Rd6 Kg7 38. Kb3 Rc7 39. a4 bxa4+ 40.
Kxa4 Ra7+ 41. Kb3 Rc7 42. Kc4 Kf7 43. b5 cxb5+ 44. Kxb5 Rb7+ 45. Rb6 Re7 46.
Re6 Rb7+ 47. Kc6 Rb2 48. Kd7 Rd2+ 49. Rd6 Re2 50. c6 Rxe4 51. c7 Re7+ 52. Kc6
Re8 53. Rd7+ 1-0

[Event "Club Championships Major Open"]
[Site "Wellington Chess Club"]
[Date "2019.10.03"]
[Round "2.9"]
[White "Enegbuma, Wallace"]
[Black "Hurndell, Robert"]
[Result "0-1"]
[WhiteElo "1777"]
[BlackElo "1545"]

1. e4 d5 2. exd5 Nf6 3. c4 e6 4. dxe6 Bxe6 5. Nf3 Qe7 6. Qe2 Nc6 7. a3 Na5 8.
Nd4 Bxc4 9. Qxe7+ Bxe7 10. Bxc4 Nxc4 11. Nf5 Bf8 12. d3 Ne5 13. d4 Nd3+ 14. Ke2
Nxc1+ 15. Rxc1 O-O-O 16. Rd1 g6 17. Ne3 Bg7 18. Nc3 Rhe8 19. Kd3 Ng4 20. Nxg4
Rxd4+ 21. Kc2 Rxg4 22. g3 Bxc3 23. Kxc3 Rge4 24. Rd2 Re1 25. Rxe1 Rxe1 26. Kd4
Re8 27. Kc5 c6 28. f4 Kc7 29. b4 b6+ 30. Kc4 f5 31. a4 a6 32. Rc2 b5+ 33. axb5
axb5+ 34. Kc5 Re4 35. Rc3 h6 36. Rc2 g5 37. fxg5 hxg5 38. Rc3 f4 39. gxf4 gxf4
40. h4 f3 41. h5 f2 0-1

[Event "Club Championships Major Open"]
[Site "Wellington Chess Club"]
[Date "2019.10.03"]
[Round "2.10"]
[White "Osborne, Geoff"]
[Black "Brockway, Andrew"]
[Result "0-1"]
[WhiteElo "1287"]
[BlackElo "1836"]

1. e4 c5 2. c3 g6 3. d4 cxd4 4. cxd4 d5 5. Nc3 dxe4 6. Nxe4 Bg7 7. Nf3 Nf6 8.
Nxf6+ Bxf6 9. Bh6 Qa5+ 10. Bd2 Qb6 11. Bc3 O-O 12. Bc4 Qc6 13. Bb3 Bg4 14. O-O
Bxf3 15. gxf3 Qc7 16. Re1 e6 17. Rc1 Qd8 18. Rc2 Nd7 19. Rce2 Nb6 20. Rd2 Nd5
21. Bxd5 Qxd5 22. b3 Rac8 23. Bb2 Rfd8 24. f4 Qf5 25. Bc1 Rd5 26. Re3 Bg7 27.
Rdd3 Qxf4 28. Rg3 Qxc1 29. Qxc1 Rxc1+ 30. Kg2 Rc6 31. f4 Rc2+ 32. Kf3 Rxd4 33.
Rxd4 Bxd4 34. Ke4 Bb6 35. Rd3 Kg7 36. Rg3 Rxh2 37. Kd3 Bc7 38. Ke4 Rxa2 0-1

[Event "Club Championships Major Open"]
[Site "Wellington Chess Club"]
[Date "2019.10.03"]
[Round "2.11"]
[White "Farrington, Lawrence"]
[Black "Ashe, Michael"]
[Result "0-1"]
[WhiteElo "1706"]
[BlackElo "1662"]

1. e4 e6 2. d4 d5 3. Nc3 Nf6 4. e5 Nfd7 5. Nf3 c5 6. Be3 cxd4 7. Bxd4 Nc6 8.
Ne2 Qc7 9. Ng3 Ndxe5 10. Nxe5 Nxe5 11. Bb5+ Bd7 12. Bxd7+ Nxd7 13. c3 e5 14.
Qe2 Bd6 15. f4 O-O 16. fxe5 Bxe5 17. Bxe5 Qxe5 18. Qxe5 Nxe5 19. O-O-O Rad8 20.
Nf5 Rfe8 21. Rhe1 Nd3+ 22. Rxd3 Rxe1+ 23. Kd2 Re5 24. Ne3 g6 25. Ng4 Re6 26.
Ne3 Red6 27. Nc2 a6 28. Nd4 Kg7 29. Re3 Kf8 30. Rh3 h5 31. g4 hxg4 32. Rg3 f5
33. h3 gxh3 34. Rxh3 Kg7 35. Re3 Kf6 36. Rf3 Rh8 37. Rf2 Rd7 38. Re2 Re7 39.
Rf2 Reh7 0-1

[Event "Club Championships Major Open"]
[Site "Wellington Chess Club"]
[Date "2019.10.10"]
[Round "3.1"]
[White "Rabina, Romeo"]
[Black "Mullan, Brett"]
[Result "1/2-1/2"]
[WhiteElo "1647"]
[BlackElo "1825"]

1. b3 e5 2. Bb2 Nc6 3. e3 a6 4. Nf3 d6 5. Be2 Nf6 6. c4 Be7 7. O-O O-O 8. d3
Re8 9. Nc3 h6 10. Nd2 Bf8 11. Nce4 Bf5 12. Ng3 Bg6 13. Qc2 Nb4 14. Qc3 c5 15.
a3 Nc6 16. Bf3 Qc7 17. Bxc6 Qxc6 18. e4 Rab8 19. a4 Nd7 20. Nf3 f6 21. Qd2 Be7
22. Nh4 Bf7 23. f4 Nf8 24. Qf2 Ne6 25. fxe5 Nd4 26. Bxd4 cxd4 27. exf6 Bxf6 28.
Nhf5 Kh7 29. Nxg7 Bxg7 30. Qxf7 Rf8 31. Qg6+ Kh8 32. Rf7 Rxf7 33. Qxf7 Qe8 34.
Qf5 Rc8 35. Rf1 Rc5 36. Qf3 Qh5 37. Nf5 Qxf3 38. Rxf3 b5 39. Nxg7 Kxg7 40. axb5
axb5 41. Kf2 bxc4 42. bxc4 Ra5 43. h3 Ra2+ 44. Kg3 Rd2 45. h4 Kg6 46. Kh3 h5
47. g4 hxg4+ 48. Kxg4 Rg2+ 49. Rg3 Rf2 50. Kh3+ Kh6 51. Kg4 Rh2 52. Rh3 Rf2 53.
Rf3 Rg2+ 54. Kf5 Kh5 55. Ke6 Kxh4 56. Kxd6 Kg4 57. Rf5 Rd2 58. c5 Rxd3 59. c6
Rc3 60. Rd5 d3 61. c7 Kf4 62. Kd7 Kxe4 63. Rd6 Ke3 64. Re6+ Kf2 65. c8=Q Rxc8
66. Kxc8 d2 1/2-1/2

[Event "Club Championships Major Open"]
[Site "Wellington Chess Club"]
[Date "2019.10.10"]
[Round "3.2"]
[White "Dixon, Hamish"]
[Black "Stone, Andrew"]
[Result "0-1"]
[WhiteElo "1681"]
[BlackElo "2074"]

1. e4 c5 2. Nf3 Nc6 3. d4 cxd4 4. Nxd4 Nf6 5. Nc3 e5 6. Nxc6 bxc6 7. Bd3 Bc5 8.
O-O O-O 9. Na4 Be7 10. f4 Qc7 11. fxe5 Qxe5 12. Rf5 Qd4+ 13. Kh1 Qxa4 14. Rf4
Qd4 15. Qf3 d6 16. Be3 Qxb2 17. Rf1 Qe5 18. Qf2 Ng4 19. Qf3 Nxe3 20. Rxf7 Nxf1
21. Rxf8+ Bxf8 0-1

[Event "Club Championships Major Open"]
[Site "Wellington Chess Club"]
[Date "2019.10.10"]
[Round "3.3"]
[White "Hurndell, Robert"]
[Black "Wojnar, Maciej"]
[Result "0-1"]
[WhiteElo "1545"]
[BlackElo "2000"]

1. d4 Nf6 2. c4 e5 3. dxe5 Ng4 4. Nf3 Bc5 5. e3 Nc6 6. h3 Ngxe5 7. Nxe5 Nxe5 8.
Be2 O-O 9. O-O a5 10. b3 Re8 11. Bb2 Ra6 12. Nd2 Rg6 13. Nf3 Nxf3+ 14. Bxf3 d6
15. Bh5 Rh6 16. Qf3 Rf8 17. Qg3 f6 18. Bf3 Rg6 19. Bd5+ Kh8 20. Qf3 c6 21. Be4
f5 22. Bc2 Qh4 23. Kh1 Rg5 24. Rg1 Kg8 25. Rgf1 f4 26. e4 Bg4 27. Qc3 f3 28.
Kh2 Bxh3 29. g3 Qh5 0-1

[Event "Club Championships Major Open"]
[Site "Wellington Chess Club"]
[Date "2019.10.10"]
[Round "3.4"]
[White "Tarzwell, Caleb"]
[Black "Wojnar, Jacek"]
[Result "0-1"]
[WhiteElo "1500"]
[BlackElo "1800"]

1. d4 d5 2. c4 e6 3. Nc3 c5 4. Nf3 Nf6 5. Bg5 cxd4 6. Nxd4 e5 7. Nf3 d4 8. Nd5
Be6 9. Nxe5 Bxd5 10. Qxd4 Bb4+ 11. Kd1 Be6 12. Qxd8+ Kxd8 13. e3 Ke7 14. Kc2
Rd8 15. Nd3 Nc6 16. a3 Bd6 17. c5 Bc7 18. Be2 Bf5 19. g4 Be4 20. f3 Bg6 21. f4
Be4 22. Rhd1 b6 23. Kb3 Na5+ 24. Kb4 Rab8 25. Kc3 Bxd3 26. Bxd3 bxc5 27. e4 h6
28. Bxf6+ gxf6 29. Rf1 Rb3+ 30. Kc2 Rbxd3 31. Rf2 Bxf4 32. Rxf4 Rd2+ 33. Kb1
Nb3 34. Ka2 Nxa1 35. Kxa1 Rxh2 36. Rf5 Rdd2 37. Rxc5 Rxb2 38. Rc7+ Kd6 39. Rxf7
Rbf2 40. Rb7 Rh1+ 41. Rb1 Rxb1+ 42. Kxb1 Ke5 43. Kc1 Kxe4 44. Kd1 Ke3 45. a4 a5
46. Kc1 Kd3 47. Kb1 Kc3 48. g5 hxg5 49. Ka1 Kb3 50. Kb1 Rf1# 0-1

[Event "Club Championships Major Open"]
[Site "Wellington Chess Club"]
[Date "2019.10.10"]
[Round "3.5"]
[White "Stannard, Bobby"]
[Black "Stoeveken, Peter"]
[Result "0-1"]
[WhiteElo "1485"]
[BlackElo "1827"]

1. e4 c5 2. Nf3 Nc6 3. Nc3 e6 4. d4 cxd4 5. Nxd4 Bc5 6. Ndb5 a6 7. Nd6+ Bxd6 8.
Qxd6 Qe7 9. Bf4 Qxd6 10. Bxd6 b5 11. e5 Nge7 12. a4 b4 13. Ne4 Ng6 14. Nc5
Ngxe5 15. Rd1 f6 16. Nd3 a5 17. b3 Nf7 18. Bc5 d6 19. Bb6 Rb8 20. Be3 O-O 21.
Nb2 d5 22. Bb5 Bb7 23. Nd3 d4 24. Bf4 e5 25. Bg3 Nd6 26. Nc5 Rbc8 27. O-O Na7
28. Nxb7 Naxb5 29. Nxd6 Nxd6 30. f4 Nf5 31. Be1 Ne3 32. Bg3 Nxf1 33. Kxf1 Rxc2
34. fxe5 fxe5+ 35. Kg1 d3 36. h3 e4 37. Bh4 Rf5 0-1

[Event "Club Championships Major Open"]
[Site "Wellington Chess Club"]
[Date "2019.10.10"]
[Round "3.6"]
[White "Cooke, Xandi"]
[Black "Kibblewhite, Daniel"]
[Result "0-1"]
[WhiteElo "1512"]
[BlackElo "1537"]

1. d4 d5 2. c4 c6 3. Nc3 Nf6 4. Bf4 Bf5 5. Nf3 e6 6. a3 Nbd7 7. e3 Be7 8. Bd3
Bxd3 9. Qxd3 O-O 10. O-O Rc8 11. Rfe1 Nb6 12. b3 Nh5 { Very nice move forcing
doubled pawns } 13. Bg3 Nxg3 14. hxg3 Nd7 15. c5 Nf6 16. b4 b5 17. e4 dxe4 18.
Nxe4 Nxe4 19. Rxe4 { Looking at this after maybe queen takes would've been
better but I wanted to get my rooks to FGH so they attack king } 19... Bf6 20.
Rae1 Qd5 21. Rg4 Rfd8 22. Ree4 h5 23. Rgf4 Bg5 { Well now there is the move Re5
however i missed it and was too focused on protecting the other rook } 24. Nxg5
Qxg5 25. Re5 $4 { The last 5 moves were very bad for me and I just needed to
finish it } 25... Qxe5 { I resigned as it was the only viable option } 0-1

[Event "Club Championships Major Open"]
[Site "Wellington Chess Club"]
[Date "2019.10.10"]
[Round "3.8"]
[White "Stannard, Lars"]
[Black "Van der Hoorn, Thomas"]
[Result "1/2-1/2"]
[WhiteElo "1485"]
[BlackElo "1807"]

1. d4 Nf6 2. Nf3 e6 3. Bf4 Bb4+ 4. c3 Ba5 5. e3 O-O 6. Bd3 d5 7. b4 Bb6 8. a4
a5 9. O-O c6 10. Nbd2 Bc7 11. Bxc7 Qxc7 12. b5 b6 13. Rc1 cxb5 14. Bxb5 Ba6 15.
Qe2 Bxb5 16. Qxb5 Qc6 17. Qxc6 Nxc6 18. Rb1 Rab8 19. Rb2 Rfc8 20. Rfb1 Nd7 21.
h3 Ne7 22. Rb3 h6 23. Ne5 Nxe5 24. dxe5 Rc6 25. Nf3 Rbc8 26. Rc1 Nf5 27. g4 Ne7
28. Nd4 Rc4 29. Rxb6 Rxa4 30. Nb5 Ng6 31. Nd6 Ra8 32. f4 Ra2 33. Rbb1 Re2 34.
Re1 Rxe1+ 35. Rxe1 f6 36. exf6 gxf6 37. Ra1 Ra6 38. Nb5 Kf7 39. Nc7 Ra7 40. Nb5
Ra8 41. Nc7 Rc8 42. Nb5 Ra8 1/2-1/2

[Event "Club Championships Major Open"]
[Site "Wellington Chess Club"]
[Date "2019.10.10"]
[Round "3.9"]
[White "Dunlop, Rafe"]
[Black "Stracy, Don"]
[Result "0-1"]
[WhiteElo "1246"]
[BlackElo "1606"]

1. e4 c5 2. Nf3 e6 3. d4 cxd4 4. Nxd4 Nf6 5. Nc3 Nc6 6. Be3 Bb4 7. Nxc6 bxc6 8.
Bd3 d5 9. exd5 cxd5 10. Bd2 O-O 11. O-O Bd7 12. a3 Be7 13. Qf3 Re8 14. Bf4 Rc8
15. Be5 Bc6 16. Ba6 d4 17. Qg3 Ra8 18. Nb5 Bxb5 19. Bxb5 Rf8 20. Rfd1 Qb6 21.
Qb3 a6 22. Ba4 Qxb3 23. Bxb3 Rfd8 24. Rxd4 Rxd4 25. Bxd4 Rd8 26. Be3 Nd5 27.
Rd1 Nxe3 28. Rxd8+ Bxd8 29. fxe3 Kf8 30. Bc4 a5 31. e4 Ke7 32. e5 Bc7 33. b4
axb4 34. axb4 Bxe5 35. Bd3 g6 36. c4 Kd6 37. h3 Bc3 38. b5 Kc5 39. Kf2 f5 40.
Ke3 e5 41. g4 Bd4+ 42. Kd2 e4 43. Bf1 f4 44. Bg2 f3 45. Bf1 e3+ 46. Kd3 e2 47.
Bxe2 fxe2 48. Kxe2 Kxc4 49. Kf3 Kxb5 50. Kf4 Bf6 51. g5 Bg7 52. Ke4 Kc6 53. Kf4
Kd5 54. Ke3 Ke5 55. h4 Kf5 56. Kf3 Be5 0-1

[Event "Club Championships Major Open"]
[Site "Wellington Chess Club"]
[Date "2019.10.10"]
[Round "3.10"]
[White "Wevers, Alexis"]
[Black "Farrington, Lawrence"]
[Result "1-0"]
[WhiteElo "1798"]
[BlackElo "1706"]

1. d4 e6 2. Nf3 d5 3. c4 c5 4. cxd5 exd5 5. g3 Nc6 6. Bg2 Nf6 7. O-O Be7 8. Qc2
cxd4 9. Rd1 O-O 10. Nxd4 Nb4 11. Qb3 Bg4 12. Nc3 Qa5 13. Bd2 Qb6 14. Be3 Qd8
15. a3 Nc6 16. Qxb7 Nxd4 17. Bxd4 Be6 18. Bxa7 Re8 19. b4 Rc8 20. Bb6 Qd6 21.
Bc5 Qc7 22. Qxc7 Rxc7 23. Bxe7 Rxc3 24. Bxf6 gxf6 25. Bxd5 Rd8 26. Bxe6 Rxd1+
27. Rxd1 fxe6 28. Ra1 Rb3 29. Kf1 Kf7 30. Ke1 Ke7 31. Kd2 Rb2+ 32. Kd3 Kd6 33.
a4 Rxb4 34. a5 Rb7 35. a6 Ra7 36. f4 Kc6 37. e4 Kb6 38. g4 Rd7+ 39. Ke3 Ka7 40.
h4 Rg7 41. g5 fxg5 42. hxg5 h6 43. gxh6 Rg3+ 44. Kd4 Rh3 45. Ke5 Rxh6 46. f5
exf5 47. exf5 Rh2 48. f6 Re2+ 49. Kd6 Rf2 50. Ke7 Re2+ 51. Kf8 Rf2 52. f7 Rf3
53. Re1 Kxa6 54. Ke7 1-0

[Event "Club Championships Major Open"]
[Site "Wellington Chess Club"]
[Date "2019.10.10"]
[Round "3.11"]
[White "Osborne, Geoff"]
[Black "Enegbuma, Wallace"]
[Result "0-1"]
[WhiteElo "1287"]
[BlackElo "1777"]

1. e4 c5 2. c3 e6 3. d4 cxd4 4. cxd4 d5 5. exd5 Qxd5 6. Nc3 Bb4 7. Nf3 Nf6 8.
Be2 Ne4 9. O-O Bxc3 10. Qc2 O-O 11. bxc3 Nc6 12. Bd3 Nf6 13. Re1 Bd7 14. Bg5 h6
15. Bxf6 gxf6 16. Re4 f5 17. Rh4 Kg7 18. Qd2 Rh8 19. c4 Qd6 20. Rc1 Rad8 21. c5
Qc7 22. Bb5 a6 23. Bxc6 Bxc6 24. Re1 Bxf3 25. gxf3 Qxc5 26. Rd1 Qe7 27. Rf4 Rd5
28. Kh1 Kh7 29. Qd3 Rg8 30. Rg4 Rg6 31. Rgg1 Qh4 32. Qe3 Rxg1+ 33. Rxg1 Qxd4
34. Qxd4 Rxd4 35. Rg3 Rd2 36. Kg2 Rxa2 37. f4 b5 38. Kf1 b4 39. Ke1 a5 40. Rb3
f6 41. h3 e5 42. f3 exf4 43. Rd3 a4 44. Kd1 b3 45. Kc1 Rc2+ 46. Kb1 Rh2 47. Rc3
Rxh3 48. Kb2 Rh2+ 49. Kb1 Rf2 50. Ka1 h5 51. Kb1 h4 52. Rc1 h3 53. Rh1 h2 54.
Ka1 Rg2 0-1

[Event "Club Championships Major Open"]
[Site "Wellington Chess Club"]
[Date "2019.10.17"]
[Round "4.1"]
[White "Stone, Andrew"]
[Black "Wojnar, Jacek"]
[Result "1-0"]
[WhiteElo "2074"]
[BlackElo "1800"]

1. e4 e5 2. Nf3 d6 3. d4 exd4 4. Nxd4 g6 5. Nc3 Bg7 6. Be3 Nf6 7. f3 $6 { A bit
slow}  (7. Qd2) 7... O-O { Here was where I realised f3 was probably not
entirely accurate. I spent a good chunk of time deciding whether to allow Black
to play d5} 8. Qd2 d5 9. e5 Nfd7 10. e6 (10. Bg5 Qe8 11. O-O-O Nxe5 12. Nxd5 f6
13. Nxc7 Qf7 14. Qc3 fxg5 15. Qb3 { Is what the computer came up with} ) 10...
Ne5 11. exf7+ Nxf7 12. Nb3 { I thought this move was forced but doesn't seem
so}  (12. O-O-O c5 13. Nb3 d4 14. Bc4 Kh8 15. Bxf7 Rxf7 16. Nxc5 { White
exploits the weak a2-g8 diagonal as well as the pin on the d-file} ) 12... c6
13. O-O-O b6 14. h4 Ba6 { For me, this plan felt a bit too slow. Black spends 3
moves to exchange the f1 Bishop that hasn't been moved once.} 15. h5 g5 16. h6
(16. Nd4 Bxf1 17. Rhxf1 Qd7 18. g4 c5 19. Nf5 d4 20. Bxg5 dxc3 21. Qxd7 cxb2+
22. Kb1 Nxd7 23. Rxd7 Rfe8 24. Nxg7 Kxg7 25. h6+ Kg8 26. Bf6 $18) 16... Bf6 17.
Rh5 $6 Bxf1 18. Rxf1 Re8 19. f4 Rxe3 $2 (19... g4 20. Bd4) 20. Qxe3 d4 21. Qe6
{ White threatens to take on g5 next move then after Bxg5+ Kb1 will win a
piece} 1-0

[Event "Club Championships Major Open"]
[Site "Wellington Chess Club"]
[Date "2019.10.17"]
[Round "4.2"]
[White "Wojnar, Maciej"]
[Black "Rabina, Romeo"]
[Result "1-0"]
[WhiteElo "2000"]
[BlackElo "1647"]

1. e4 b6 2. Nc3 e6 3. f4 Bb7 4. Nf3 Nf6 5. e5 Ne4 6. Nxe4 Bxe4 7. c4 Be7 8. d3
Bb7 9. Be2 d5 10. exd6 cxd6 11. O-O Nd7 12. Be3 O-O 13. Qe1 Nf6 14. f5 Ng4 15.
Bd2 Qc8 16. Qg3 exf5 17. h3 Nf6 18. Nd4 Qc5 19. Be3 Qe5 20. Nxf5 Qxg3 21. Nxg3
Nd7 22. Nf5 Rae8 23. Bf4 Nf6 24. Rae1 1-0

[Event "Club Championships Major Open"]
[Site "Wellington Chess Club"]
[Date "2019.10.17"]
[Round "4.3"]
[White "Kibblewhite, Daniel"]
[Black "Shepherd, Blake"]
[Result "1-0"]
[WhiteElo "1537"]
[BlackElo "1100"]

1. d4 d5 2. c4 e6 3. Nf3 Nf6 4. Nc3 c5 5. e3 Nc6 6. cxd5 exd5 7. Bb5 Be6 8. O-O
Be7 9. dxc5 Bxc5 10. Nd4 Bxd4 11. exd4 O-O 12. Bg5 h6 13. Bf4 Qb6 14. Bd6 Nxd4
15. Bxf8 Nxb5 16. Nxb5 Kxf8 17. Qe2 Bd7 18. Nc3 d4 19. Ne4 Bb5 20. Nxf6 Bxe2
21. Nd7+ Ke7 22. Nxb6 Bxf1 23. Nxa8 Bc4 1-0

[Event "Club Championships Major Open"]
[Site "Wellington Chess Club"]
[Date "2019.10.17"]
[Round "4.4"]
[White "Stoeveken, Peter"]
[Black "Dixon, Hamish"]
[Result "0-1"]
[WhiteElo "1827"]
[BlackElo "1681"]

1. d4 Nf6 2. Nf3 b6 3. Bg5 Bb7 4. Nbd2 e6 5. e4 Be7 6. Bd3 O-O 7. c3 d6 8. Qc2
h6 9. Bh4 Nbd7 10. O-O c5 11. Ne1 Nh5 12. Bxe7 Qxe7 13. f4 cxd4 14. cxd4 Rfc8
15. Qd1 Nhf6 16. Nef3 e5 17. fxe5 dxe5 18. dxe5 Nxe5 19. Nxe5 Qxe5 20. Nf3 Qxb2
21. Rf2 Qa3 22. e5 Ng4 23. Re2 Qc5+ 24. Kf1 Ne3+ 25. Rxe3 Qxe3 0-1

[Event "Club Championships Major Open"]
[Site "Wellington Chess Club"]
[Date "2019.10.17"]
[Round "4.5"]
[White "Brockway, Andrew"]
[Black "Hurndell, Robert"]
[Result "1-0"]
[WhiteElo "1836"]
[BlackElo "1545"]

1. e4 d5 2. exd5 Nf6 3. Nf3 Nxd5 4. d4 Bg4 5. Be2 e6 6. c3 Nc6 7. h3 Bh5 8. O-O
Be7 9. c4 Nb6 10. g4 Bg6 11. Be3 O-O 12. Nc3 a6 13. Ne5 Nxe5 14. dxe5 Nd7 15.
f4 h6 16. Bf3 c6 17. Qe2 Bc5 18. Rfd1 Bxe3+ 19. Qxe3 Qc7 20. Be4 Nxe5 21. fxe5
Qxe5 22. Re1 f5 23. gxf5 exf5 24. Bd5+ 1-0

[Event "Club Championships Major Open"]
[Site "Wellington Chess Club"]
[Date "2019.10.17"]
[Round "4.6"]
[White "Tarzwell, Caleb"]
[Black "Quayle, Jamie"]
[Result "0-1"]
[WhiteElo "1500"]
[BlackElo "1683"]

1. d4 Nf6 2. c4 e6 3. Nc3 d5 4. Bg5 Nbd7 5. Nf3 Be7 6. e3 O-O 7. Bd3 b6 8. cxd5
Nxd5 9. Bxe7 Qxe7 10. Nxd5 exd5 11. O-O Nf6 12. Ne5 c5 13. Rc1 Re8 14. Bb5 Bd7
15. Nxd7 Nxd7 16. dxc5 bxc5 17. Qxd5 Rac8 18. Bxd7 Red8 19. Rfd1 Rc7 20. Qf5
Rdxd7 21. Rxd7 Rxd7 22. g3 Rc7 23. Rc4 Qd6 24. Qc2 a5 25. Qa4 g6 26. Qxa5 Qd1+
27. Kg2 Qd5+ 28. f3 Qxc4 29. Qxc7 Qe2+ 30. Kh3 Qxe3 31. f4 Qe6+ 32. Kh4 h5 33.
Qd8+ Kg7 34. Qg5 f6 35. f5 Qe4+ 36. Qf4 g5+ 0-1

[Event "Club Championships Major Open"]
[Site "Wellington Chess Club"]
[Date "2019.10.17"]
[Round "4.7"]
[White "Ashe, Michael"]
[Black "Stannard, Bobby"]
[Result "1-0"]
[WhiteElo "1662"]
[BlackElo "1485"]

1. d4 d5 2. c4 e6 3. Nc3 c5 4. Nf3 Nc6 5. e3 Nf6 6. Be2 cxd4 7. exd4 Bb4 8. O-O
Ne4 9. Qc2 Bxc3 10. bxc3 Qa5 11. Bd2 b6 12. cxd5 exd5 13. Rfe1 O-O 14. Bd3 Bf5
15. Ng5 Nxd2 16. Bxf5 g6 17. Bxg6 fxg6 18. Qxd2 b5 19. a3 Qb6 20. Qa2 Rf5 21.
Ne6 Re8 22. Nc5 Ref8 23. Nd7 Qa5 24. Nxf8 Rxf8 25. Qxd5+ 1-0

[Event "Club Championships Major Open"]
[Site "Wellington Chess Club"]
[Date "2019.10.17"]
[Round "4.8"]
[White "Stracy, Don"]
[Black "Carroll, Lewis"]
[Result "1-0"]
[WhiteElo "1606"]
[BlackElo "1422"]

1. e4 c5 2. Nf3 Nc6 3. d4 cxd4 4. Nxd4 Nf6 5. Nc3 e6 6. Nxc6 bxc6 7. e5 Nd5 8.
Bd2 Bc5 9. Ne4 Bd4 10. Nd6+ Ke7 11. Qh5 Bxf2+ 12. Kxf2 Qb6+ 13. Ke1 g6 14. Bg5+
f6 15. Nxc8+ Raxc8 16. exf6+ Kf7 17. Qd1 Qxb2 18. Bd2 Nxf6 19. Be2 Kg7 20. Qc1
Qd4 21. Bh6+ Kf7 22. Rf1 Qh4+ 23. Kd1 Qxh2 24. Bg5 Qd6+ 25. Qd2 Qxd2+ 26. Kxd2
1-0

[Event "Club Championships Major Open"]
[Site "Wellington Chess Club"]
[Date "2019.10.17"]
[Round "4.9"]
[White "Laking, Robert"]
[Black "Ackroyd, William"]
[Result "1-0"]
[WhiteElo "1968"]
[BlackElo "1277"]

1. d4 Nf6 2. c4 e6 3. Nf3 Bb4+ 4. Nbd2 d5 5. Qa4+ Nc6 6. Ne5 Bxd2+ 7. Bxd2 Bd7
8. Nxd7 Qxd7 9. e3 Ne4 10. cxd5 exd5 11. Bb5 Nxd2 12. Kxd2 Ke7 13. Rac1 Kd6 14.
Qa3+ Ke6 15. Rc5 Qd6 16. Bxc6 bxc6 17. Qa4 Kd7 18. Rhc1 Rhb8 19. Rxc6 Qb4+ 20.
Qxb4 Rxb4 21. Rxc7+ 1-0

[Event "Club Championships Major Open"]
[Site "Wellington Chess Club"]
[Date "2019.10.17"]
[Round "4.10"]
[White "Enegbuma, Wallace"]
[Black "Wevers, Alexis"]
[Result "1-0"]
[WhiteElo "1777"]
[BlackElo "1798"]

1. e4 c5 2. Nf3 d6 3. Bc4 Nc6 4. Nc3 Nf6 5. d3 g6 6. Bg5 Bg7 7. Qd2 Bg4 8. Ng1
O-O 9. h3 Be6 10. Bxe6 fxe6 11. Nge2 d5 12. exd5 exd5 13. Nf4 Qd6 14. O-O e5
15. Nfe2 Rae8 16. Bh6 Nd4 17. Bxg7 Nxe2+ 18. Qxe2 Kxg7 19. Rfe1 d4 20. Ne4 Nxe4
21. Qxe4 b6 22. Qb7+ Re7 23. Qa6 Qf6 24. Re2 h5 25. Rae1 Kh6 26. Qc4 Qd6 27.
Re4 Rf4 28. Qg8 Rxe4 29. Rxe4 Qf6 30. Qd5 Qg5 31. f4 Qf5 32. Rxe5 Rxe5 33. fxe5
Kg5 34. Qe4 Qe6 35. b3 Kh6 36. Kf2 a5 37. a4 Kg7 38. Qb7+ Kh6 39. Qe4 Kg7 40.
Qf4 Qe7 41. Kf3 Qb7+ 42. Kf2 Qc6 43. Qe4 Qe6 44. Qf4 Qc6 45. g4 hxg4 46. hxg4
Qe6 47. g5 Kg8 48. Qf6 Qe8 49. e6 Kh7 50. Kg3 Qb8+ 51. Qf4 Qd8 52. Qf7+ 1-0